000 00651nam a22002171 4500
001 sa 68011860
003 DLC
005 20260227112605.0
008 711115s1964 io b 00010 eng
010 _asa 68011860
025 _aPL480:Indo-8085
043 _aa-io---
050 0 _aHD2085.S75
_bP45
100 1 0 _aPenny, David Harry.
245 1 0 _aCase studies of subsistence and transition;
_bexample: North Sumatra, Indonesia
_c[by] D. H. Penny.
260 0 _a[Medan?
_c1964?]
300 _a13 l.
_c28 cm.
500 _aCaption title.
504 _aBibliography: leaf 12.
650 0 _aAgriculture
_xEconomic aspects
_zIndonesia
_zSumatera Utara.
999 _c84154
_d84154